| 000 | 01226nam a22003257a 4500 | ||
|---|---|---|---|
| 003 | CHAP | ||
| 005 | 20220329140028.0 | ||
| 008 | 971013s1954 r 00010 d | ||
| 010 | _a45878 | ||
| 011 | _a46850 | ||
| 035 | _a50991 | ||
| 040 | _cCHAP | ||
| 082 |
_a332.71 _bR4 |
||
| 110 |
_aReserve Bank of India _996110 |
||
| 245 | _aAll-India rural credit survey report of the Committee of Direction | ||
| 260 |
_aBombay : _bBank, _c1954-56 |
||
| 300 |
_a3 v. en 4 t. _b; mapas |
||
| 505 | _aContenido : v.1 The survey report ; pt. 1 Rural familes ; Pt. 2 Credit agencies .-- v.2 The general report.--v.3 The technical report | ||
| 590 |
_aBATCH-UPD _b10 _c20130110 _lUCH01 _h2304 |
||
| 590 |
_aBATCH-UPD _b10 _c20130410 _lUCH01 _h1556 |
||
| 590 |
_aBATCH-UPD _b10 _c20130914 _lUCH01 _h1101 |
||
| 590 |
_aCONVERSION _b10 _c20130109 _lUCH01 _h1325 |
||
| 650 | 1 | 4 |
_aCrédito agrícola _xIndia. _929060 |
| 901 | _aBK | ||
| 942 | _cLIBRO | ||
| 949 |
_a332.71 R4 _bBC _cBPA _d-114359 _eBPA _fv.1 pte.2 _h11282 _i50991 _si |
||
| 949 |
_a332.71 R4 _bBC _cBPA _d-114361 _eBPA _fv.3 _h11281 _i50991 _si |
||
| 949 |
_a332.71 R4 _bBC _cBPA _d-114362 _eBPA _fv.2 _h11283 _i50991 _si |
||
| 949 |
_a332.71 R4 _bBC _cBPA _d-114363 _eBPA _fv.1 pte. 1 _h11284 _i50991 _si |
||
| 999 |
_c45878 _d45878 |
||